1756 1278 1559 1849 1208 1615 1061 1559 1685 1437 1760 1995 1929 1068 1519 1405 1437 1777 1800 1112 1067 1928 1669 1258 1697 1641 1223 1407 1078 1706 1308 1872 1795 1741 1273 1602 1582 1469 1015 1603 1422 1167 1880 1797 1049 1554 1614 1102 1073 1002 1697 1686 1132 1529 1882 1859 1376 1950 1600 1212 1248 1006 1192 1269 1953 1611 1876 1929 1452 1155 1589 1637 1040 1220 1332 1290 1199 1441 1406 1657 1983 1007 1566 1866 1394 1350 1036 1948 1574 1718 1601 1485 1305 1192 1637 1068 1117 1478 1012 BCNSPRNW ULIB Ver.6.0+V

เปลี่ยนเป็นภาษาไทย

Change to English
 แสดงรายละเอียดบรรณานุกรม
  กลับหน้าหลัก

Brief Record : Get Marc (ISO 2709) : E-mail record : QR code < ปิดหน้าต่าง
LEADER : 00000nam 2200000uu 4500
001    13399123838
003     ULIB
008    141202s2556||||th 000 0 tha d
020    ^a9786167073804
050 04 ^aPL4185^bพ12ร
110 1  ^aราชบัณฑิตยสถาน
245 00 ^aพจนานุกรมฉบับราชบัณฑิตยสถาน พ.ศ. 2554 :^bเฉลิมพระเกียรติพระบาทสมเด็จพระเจ้าอยู่หัวเนื่องในโอกาสพระราชพิธีมหามงคลเฉลิมพระชนมพรรษา 7 รอบ 5 ธันวาคม 2554 /^cราชบัณฑิตยสถาน
250    ^aพิมพ์ครั้งที่ 2
260    ^aกรุงเทพฯ :^bราชบัณฑิตยสถาน,^c2556
300    ^aก-ฝ, 1484 หน้า :^bภาพประกอบ (สี และขาวดำ) ; 26 ซม
500 เฉ ลิมพระเกียรติพระบาทสมเด็จพระเจ้าอยู่หัวเนื่องในโอกาสพระราชพิธีมหามงคลเฉลิมพระชนมพรรษา 7 รอบ 5 ธันวาคม 2554
650 2  ^aThai Language^xDictionaries
650  7 ^aภาษาไทย^xพจนานุกรม
945    ^p750^l0^i22341
945    ^p750^l0^i22342
999    ^aทศพร เกษรทอง
รายการนี้ยังไม่มีแท็ก
คุณยังไม่ได้ล็อกอิน คุณสามารถมีกิจกรรมร่วมกับเว็บไซต์ได้ แต่ต้องล็อกอินก่อน ::
  ล็อกอิน

รายการสื่อสารสนเทศ

ลำดับที่ ประเภท เลขเรียก/บาร์โค้ด สถานที่ สถานะ
1. การศึกษาทั่วไป
หนังสือสำรอง
สถานะ=หนังสือสำรอง
PL4185 พ12ร ฉ.1 
  Barcode: 22341
ห้องสมุดวิทยาเขตนครสวรรค์
►หนังสือทั่วไป:l:General Books
บนชั้น
2. การศึกษาทั่วไป
การศึกษาทั่วไป
PL4185 พ12ร ฉ.2 
  Barcode: 22342
ห้องสมุดวิทยาเขตนครสวรรค์
►หนังสือทั่วไป:l:General Books
บนชั้น

BibComment


ยังไม่เคยถูกคอมเมนท์

คอมเมนท์ทรัพยากรรายการนี้
  คอมเมนท์: พจนานุกรมฉบับราช..


 Copyright 2026. Bcnsprnw @Library